000 00855nab a2200253 u 4500
001 21617
003 HDC
007 cr bn ---aaaaa
008 210309b20142014my d||ne |||| 00| 0 may d
040 _aHDC
100 _aMohd Afzanizam
_919060
245 0 _aPelaburan swasta pacu pertumbuhan ekonomi mapan
_c/ Mohd Afzanizam
260 _aMalaysia:
_bNew Straits Times Press (M) Bhd.,
_c2014
300 _a1 online resource (page 27)
336 _atext
_2rdacontent
337 _acomputer
_2rdamedia
338 _aonline resource
_2rdacarrier
650 _aInvestments, Malaysia
_919061
710 _aBerita Harian
856 _zRequest full-text at [email protected]
942 _2lcc
942 _cNEWS
942 _kNWSC 002754
999 _c18933
_d18933